[Event "Titled Tuesday intern op 22nd Aug Late"]
[Site "Chess.com INT"]
[Date "2023.08.22"]
[Round "4"]
[White "Altman, Joshua"]
[Black "Balla, Tamas Kristof"]
[Result "0-1"]
[WhiteElo "2163"]
[BlackElo "2303"]
[PlyCount "138"]
[EventDate "2023.08.22"]
[EventType "swiss (blitz)"]
[EventRounds "11"]
[EventCountry "USA"]
[SourceTitle "EXT 2024"]
[Source "ChessBase"]
[SourceDate "2023.10.10"]
[SourceVersion "1"]
[SourceVersionDate "2023.10.10"]
[SourceQuality "1"]

1. d4 d5 2. c4 e6 3. Nc3 c5 4. cxd5 exd5 5. Nf3 Nc6 6. g3 Nf6 7. Bg2 cxd4 8. Nxd4 Bc5 9. Nb3 Bb6 10. 0-0 d4 11. Na4 0-0 12. Nxb6 axb6 13. Bxc6 bxc6 14. Qxd4 c5 15. Qxd8 Rxd8 16. Bg5 Be6 17. Rad1 Rxd1 18. Rxd1 h6 19. Bxf6 gxf6 20. Nc1 Bxa2 21. Rd6 Be6 22. Nd3 c4 23. Nf4 b5 24. Rb6 Bd7 25. Nd5 Kg7 26. Nxf6 Bh3 27. f3 Ra1+ 28. Kf2 Rb1 29. Nh5+ Kf8 30. Rb8+ Ke7 31. Nf4 Bd7 32. Nd5+ Kd6 33. Nb6 Bc6 34. Na8 Rxb2 35. Rd8+ Kc5 36. Nc7 c3 37. Rd3 c2 38. Na6+ Kb6 39. Rc3 b4 40. Nxb4 Rxb4 41. Rxc2 Bd5 42. Rd2 Be6 43. Rd6+ Kc5 44. Rd2 Rc4 45. h4 h5 46. Rd8 Rd4 47. Rh8 Rd5 48. Rh6 Re5 49. f4 Re4 50. e3 Kc4 51. Rxh5 Kd3 52. Ra5 Kd2 53. Ra3 Rc4 54. h5 Bg4 55. h6 Rc6 56. Ra7 Rxh6 57. Rxf7 Rh2+ 58. Kf1 Kxe3 59. f5 Kf3 60. Ke1 Kxg3 61. f6 Re2+ 62. Kf1 Rd2 63. Re7 Rf2+ 64. Ke1 Rxf6 65. Re3+ Kf4 66. Re7 Bf3 67. Ra7 Rd6 68. Ra4+ Kg3 69. Ra1 Re6+ 0-1

[Event "Titled Tuesday intern op 22nd Aug Late"]
[Site "Chess.com INT"]
[Date "2023.08.22"]
[Round "2"]
[White "Altman, Joshua"]
[Black "Xiong, Jeffery"]
[Result "0-1"]
[WhiteElo "2163"]
[BlackElo "2693"]
[PlyCount "66"]
[EventDate "2023.08.22"]
[EventType "swiss (blitz)"]
[EventRounds "11"]
[EventCountry "USA"]
[SourceTitle "EXT 2024"]
[Source "ChessBase"]
[SourceDate "2023.10.10"]
[SourceVersion "1"]
[SourceVersionDate "2023.10.10"]
[SourceQuality "1"]

1. d4 g6 2. c4 Bg7 3. Nf3 d6 4. Nc3 e5 5. Bg5 f6 6. Bh4 Nc6 7. e3 Nh6 8. dxe5 dxe5 9. Qxd8+ Kxd8 10. 0-0-0+ Bd7 11. Nd5 Rf8 12. Nd2 Nf5 13. Bg3 h5 14. Bd3 Nce7 15. Nxe7 Kxe7 16. c5 Rad8 17. Nc4 Be6 18. e4 Rxd3 19. Rxd3 Bxc4 20. Rc3 Nxg3 21. hxg3 Be2 22. Re1 Bh6+ 23. Kc2 Bb5 24. Rd1 Bc6 25. f3 f5 26. exf5 gxf5 27. Rcd3 Rg8 28. Rh1 e4 29. Rd4 Rxg3 30. Rxh5 Rxg2+ 31. Kb3 Bg7 32. Rh7 Ke6 33. Rb4 exf3 0-1

[Event "Titled Tuesday intern op 15th Aug Early"]
[Site "Chess.com INT"]
[Date "2023.08.15"]
[Round "8"]
[White "Altman, Joshua"]
[Black "Harriott, Tyrell"]
[Result "1-0"]
[WhiteElo "2163"]
[BlackElo "1778"]
[PlyCount "103"]
[EventDate "2023.08.15"]
[EventType "swiss (blitz)"]
[EventRounds "11"]
[EventCountry "USA"]
[SourceTitle "EXT 2024"]
[Source "ChessBase"]
[SourceDate "2023.10.10"]
[SourceVersion "1"]
[SourceVersionDate "2023.10.10"]
[SourceQuality "1"]

1. Nf3 d5 2. c4 e6 3. cxd5 exd5 4. d4 Bd6 5. Nc3 c6 6. Bg5 f6 7. Bh4 Nh6 8. e3 0-0 9. Bd3 Qe8 10. Qc2 f5 11. Bg3 Bb4 12. Bf4 Ng4 13. a3 Ba5 14. b4 Bd8 15. 0-0 Nf6 16. h3 Ne4 17. Ne5 Nd7 18. f3 Nxe5 19. Bxe5 Ng5 20. Rae1 Qh5 21. Ne2 Nf7 22. Ng3 Qg5 23. Bf4 Qh4 24. Nxf5 Bxf5 25. Bxf5 Ng5 26. Be5 Bb6 27. Kh2 Rae8 28. Bg3 Qh5 29. a4 a6 30. b5 cxb5 31. axb5 axb5 32. Bd7 Re7 33. Bxb5 Ref7 34. Be2 Qh6 35. Qb3 Qe6 36. Rb1 Bd8 37. e4 dxe4 38. Bc4 Qh6 39. Bxf7+ Nxf7 40. fxe4 Qg6 41. Rf5 Bf6 42. Rbf1 Bxd4 43. e5 Bc5 44. e6 Nh6 45. Rxf8+ Bxf8 46. e7+ Nf7 47. e8Q h6 48. Qbxf7+ Qxf7 49. Qxf7+ Kh7 50. Qxf8 h5 51. Rf5 Kg6 52. Qf7+ 1-0

[Event "Titled Tuesday intern op 15th Aug Late"]
[Site "Chess.com INT"]
[Date "2023.08.15"]
[Round "5"]
[White "Altman, Joshua"]
[Black "Ibarra Jerez, Jose Carlos"]
[Result "0-1"]
[WhiteElo "2163"]
[BlackElo "2563"]
[PlyCount "40"]
[EventDate "2023.08.15"]
[EventType "swiss (blitz)"]
[EventRounds "11"]
[EventCountry "USA"]
[SourceTitle "EXT 2024"]
[Source "ChessBase"]
[SourceDate "2023.10.10"]
[SourceVersion "1"]
[SourceVersionDate "2023.10.10"]
[SourceQuality "1"]

1. d4 Nf6 2. c4 d6 3. Nf3 g6 4. Nc3 Bf5 5. Bg5 Ne4 6. Nxe4 Bxe4 7. e3 c6 8. Bd3 Bxf3 9. gxf3 Qa5+ 10. Qd2 Qxg5 11. 0-0-0 Qf6 12. h4 Bg7 13. h5 0-0 14. hxg6 hxg6 15. f4 c5 16. d5 b5 17. Rh3 bxc4 18. Bxc4 Nd7 19. Rdh1 Nb6 20. Bb3 c4 0-1

[Event "Titled Tuesday intern op 15th Aug Early"]
[Site "Chess.com INT"]
[Date "2023.08.15"]
[Round "4"]
[White "Donchenko, Alexander"]
[Black "Altman, Joshua"]
[Result "1-0"]
[WhiteElo "2684"]
[BlackElo "2163"]
[PlyCount "85"]
[EventDate "2023.08.15"]
[EventType "swiss (blitz)"]
[EventRounds "11"]
[EventCountry "USA"]
[SourceTitle "EXT 2024"]
[Source "ChessBase"]
[SourceDate "2023.10.10"]
[SourceVersion "1"]
[SourceVersionDate "2023.10.10"]
[SourceQuality "1"]

1. Nf3 Nf6 2. g3 b6 3. Bg2 Bb7 4. 0-0 e6 5. c4 c5 6. Nc3 Be7 7. Re1 d5 8. cxd5 Nxd5 9. e4 Nxc3 10. bxc3 0-0 11. a4 Nd7 12. d4 Nf6 13. Ne5 Qc7 14. Bf4 Bd6 15. Rc1 Rad8 16. Qe2 Nd7 17. Nxd7 Rxd7 18. Be3 h6 19. Red1 Rfd8 20. a5 bxa5 21. Ra1 cxd4 22. cxd4 Bb4 23. Qg4 Kh8 24. Qh5 Kh7 25. g4 f6 26. g5 fxg5 27. Bxg5 Rf8 28. Be3 Rdf7 29. d5 exd5 30. exd5 Qd6 31. Rac1 a4 32. Rc4 a5 33. Rg4 Bc8 34. Be4+ Bf5 35. Bf4 Qd7 36. Be5 Bxe4 37. Rxe4 Rxf2 38. Rg4 Bc5 39. Qg6+ Kg8 40. Qxg7+ Qxg7 41. Rxg7+ Kh8 42. Rc7+ Kg8 43. Rxc5 1-0

[Event "Titled Tuesday intern op 15th Aug Late"]
[Site "Chess.com INT"]
[Date "2023.08.15"]
[Round "4"]
[White "Petr, Jan1111"]
[Black "Altman, Joshua"]
[Result "0-1"]
[WhiteElo "2282"]
[BlackElo "2163"]
[PlyCount "168"]
[EventDate "2023.08.15"]
[EventType "swiss (blitz)"]
[EventRounds "11"]
[EventCountry "USA"]
[SourceTitle "EXT 2024"]
[Source "ChessBase"]
[SourceDate "2023.10.10"]
[SourceVersion "1"]
[SourceVersionDate "2023.10.10"]
[SourceQuality "1"]

1. e4 e6 2. d4 d5 3. Nd2 Nf6 4. e5 Nfd7 5. Bd3 c5 6. c3 Nc6 7. Ngf3 Qb6 8. 0-0 cxd4 9. cxd4 Nxd4 10. Nxd4 Qxd4 11. Nf3 Qb6 12. Qa4 Qb4 13. Qc2 Nc5 14. Bd2 Qa4 15. Qxa4+ Nxa4 16. Rfc1 Nc5 17. Bf1 Bd7 18. Rc2 Be7 19. Rac1 Ne4 20. Be3 Bd8 21. Nd4 f6 22. f3 fxe5 23. fxe4 exd4 24. Bxd4 0-0 25. Bd3 Bc6 26. e5 Bb6 27. Bxb6 axb6 28. a3 Rf4 29. Rf2 Raf8 30. Rxf4 Rxf4 31. g3 Rf3 32. Bf1 Re3 33. Kf2 Rxe5 34. Bh3 Kf7 35. b4 Ke7 36. b5 Bxb5 37. Rc7+ Bd7 38. Rxb7 b5 39. Bf1 d4 40. Bd3 h6 41. h4 Kd6 42. Rb6+ Kc7 43. Ra6 Re3 44. Be2 Rc3 45. Ra7+ Kd6 46. Ra6+ Ke5 47. Ra7 Bc6 48. Rxg7 d3 49. Bd1 Rxa3 50. Rc7 Bd5 51. Ke3 b4 52. g4 b3 53. Kxd3 b2+ 54. Kc2 Rb3 55. Kb1 Be4+ 56. Bc2 Bxc2+ 57. Rxc2 Kf4 58. Rc6 Kxg4 59. Rxe6 h5 60. Rg6+ Kxh4 61. Rg8 Kh3 62. Rg5 h4 63. Rg8 Kh2 64. Rg4 h3 65. Rg8 Kh1 66. Rg4 h2 67. Rg8 Rf3 68. Kxb2 Rf2+ 69. Kc3 Rg2 70. Re8 Kg1 71. Re1+ Kf2 72. Ra1 Rg1 73. Ra2+ Kg3 74. Ra8 h1Q 75. Rg8+ Kf2 76. Rf8+ Ke3 77. Re8+ Kf4 78. Rf8+ Ke5 79. Re8+ Kd6 80. Rd8+ Ke7 81. Rd2 Qf3+ 82. Kd4 Rg4+ 83. Kc5 Qc3+ 84. Kb5 Rb4+ 0-1

[Event "Titled Tuesday intern op 01st Aug Late"]
[Site "Chess.com INT"]
[Date "2023.08.01"]
[Round "8"]
[White "Altman, Joshua"]
[Black "Topalov, Aleksandar"]
[Result "1-0"]
[WhiteElo "2163"]
[BlackElo "2233"]
[PlyCount "33"]
[EventDate "2023.08.01"]
[EventType "swiss (blitz)"]
[EventRounds "11"]
[EventCountry "USA"]
[SourceTitle "EXT 2024"]
[Source "ChessBase"]
[SourceDate "2023.10.10"]
[SourceVersion "1"]
[SourceVersionDate "2023.10.10"]
[SourceQuality "1"]

1. Nf3 f5 2. d4 Nf6 3. Nc3 d5 4. Bg5 e6 5. e3 Bd6 6. Bd3 0-0 7. 0-0 b6 8. Ne2 Ba6 9. Bxa6 Nxa6 10. Rc1 c6 11. c4 Nc7 12. c5 bxc5 13. dxc5 Be7 14. Ned4 Qd7 15. Ne5 Qe8 16. Nexc6 h6 17. Bf4 1-0

[Event "Titled Tuesday intern op 25th Jul Early"]
[Site "Chess.com INT"]
[Date "2023.07.25"]
[Round "11"]
[White "Altman, Joshua"]
[Black "Osinovsky, Stepan"]
[Result "1-0"]
[WhiteElo "2163"]
[BlackElo "2241"]
[PlyCount "47"]
[EventDate "2023.07.25"]
[EventType "swiss (blitz)"]
[EventRounds "11"]
[EventCountry "USA"]
[SourceTitle "EXT 2024"]
[Source "ChessBase"]
[SourceDate "2023.10.10"]
[SourceVersion "1"]
[SourceVersionDate "2023.10.10"]
[SourceQuality "1"]

1. e4 e5 2. Nf3 Nc6 3. Nc3 Nf6 4. Nxe5 Nxe5 5. d4 Ng6 6. e5 Ng8 7. Bc4 d6 8. Qf3 Be6 9. Qxb7 Bxc4 10. Qc6+ Ke7 11. Qxc4 dxe5 12. 0-0 Qxd4 13. Nd5+ Kd6 14. Qxc7+ Kxd5 15. Be3 Qb4 16. Rad1+ Ke6 17. Qc6+ Bd6 18. Qxa8 N8e7 19. Qxa7 Qxb2 20. Qa6 Qa3 21. Qc4+ Kf6 22. Rd3 Rc8 23. Qg4 Qb4 24. Bg5# 1-0

[Event "Titled Tuesday intern op 25th Jul Early"]
[Site "Chess.com INT"]
[Date "2023.07.25"]
[Round "1"]
[White "Balint, Vilmos"]
[Black "Altman, Joshua"]
[Result "1-0"]
[WhiteElo "2207"]
[BlackElo "2163"]
[PlyCount "89"]
[EventDate "2023.07.25"]
[EventType "swiss (blitz)"]
[EventRounds "11"]
[EventCountry "USA"]
[SourceTitle "EXT 2024"]
[Source "ChessBase"]
[SourceDate "2023.10.10"]
[SourceVersion "1"]
[SourceVersionDate "2023.10.10"]
[SourceQuality "1"]

1. e4 Nc6 2. d4 d5 3. exd5 Qxd5 4. Ne2 e5 5. Nbc3 Qd8 6. d5 Nce7 7. Ng3 Nf6 8. Bc4 Ng6 9. 0-0 Bd6 10. Bg5 h6 11. Bxf6 Qxf6 12. Nh5 Qg5 13. Nxg7+ Kf8 14. Nh5 Bg4 15. Be2 Bxh5 16. Bxh5 Nf4 17. Bf3 h5 18. Ne4 Qg6 19. c4 h4 20. c5 Nxg2 21. Bxg2 h3 22. Qf3 Be7 23. Rac1 hxg2 24. Qxg2 Qf5 25. d6 cxd6 26. cxd6 Bf6 27. Ng3 Qh7 28. Rc7 Rd8 29. Rd1 e4 30. Nxe4 Rg8 31. Ng3 Be5 32. Rxb7 Bxd6 33. Rxa7 Re8 34. Qf3 Rh8 35. Qg2 Bc5 36. Rc7 Bb6 37. Rb7 Bc5 38. b4 Bd4 39. Rxd4 Re1+ 40. Nf1 Rxf1+ 41. Kxf1 Qb1+ 42. Ke2 Qc2+ 43. Rd2 Qc4+ 44. Kd1 Rg8 45. Rb8+ 1-0

[Event "Titled Tuesday intern op 25th Jul Early"]
[Site "Chess.com INT"]
[Date "2023.07.25"]
[Round "10"]
[White "Vifleemskaia, Svetlana"]
[Black "Altman, Joshua"]
[Result "0-1"]
[WhiteElo "1971"]
[BlackElo "2163"]
[PlyCount "104"]
[EventDate "2023.07.25"]
[EventType "swiss (blitz)"]
[EventRounds "11"]
[EventCountry "USA"]
[SourceTitle "EXT 2024"]
[Source "ChessBase"]
[SourceDate "2023.10.10"]
[SourceVersion "1"]
[SourceVersionDate "2023.10.10"]
[SourceQuality "1"]

1. d4 c5 2. d5 Nf6 3. Nc3 g6 4. e4 d6 5. Bb5+ Bd7 6. a4 a6 7. Bd3 Bg7 8. h3 0-0 9. Nf3 e6 10. 0-0 exd5 11. exd5 Ne8 12. Bg5 f6 13. Bf4 f5 14. Re1 h6 15. Nd2 Bc8 16. Nc4 g5 17. Bd2 Nd7 18. Qh5 Rb8 19. Ne3 Nef6 20. Qg6 Ne5 21. Bxf5 Nxg6 22. Bxg6 b5 23. axb5 axb5 24. Nf5 Bxf5 25. Bxf5 b4 26. Be6+ Kh8 27. Ne2 Ne4 28. Be3 Bxb2 29. Ra7 Qf6 30. f3 Nc3 31. Ng3 Ra8 32. Rd7 Rfd8 33. Rf7 Qg6 34. Nf5 Rf8 35. Ne7 Qxf7 36. Bxf7 Rxf7 37. Nc6 Ra1 38. Rxa1 Bxa1 39. Nd8 Rd7 40. Ne6 Nxd5 41. Bd2 c4 42. Kf2 b3 43. cxb3 cxb3 44. Bc1 b2 45. Bxb2+ Bxb2 46. g3 Re7 47. Nd8 Bd4+ 48. Kg2 Ne3+ 49. Kh1 Nf1 50. Kg2 Nd2 51. Nc6 Re2+ 52. Kh1 Nxf3 0-1

[Event "Titled Tuesday intern op 18th Jul Early"]
[Site "Chess.com INT"]
[Date "2023.07.18"]
[Round "8"]
[White "Altman, Joshua"]
[Black "Rosh, Jain"]
[Result "0-1"]
[WhiteElo "2163"]
[BlackElo "2248"]
[PlyCount "52"]
[EventDate "2023.07.18"]
[EventType "swiss (blitz)"]
[EventRounds "11"]
[EventCountry "USA"]
[SourceTitle "EXT 2024"]
[Source "ChessBase"]
[SourceDate "2023.10.10"]
[SourceVersion "1"]
[SourceVersionDate "2023.10.10"]
[SourceQuality "1"]

1. e4 c5 2. Nf3 d6 3. b3 Nf6 4. Nc3 Nc6 5. Bb2 g6 6. d4 cxd4 7. Nxd4 Bg7 8. Bb5 Bd7 9. 0-0 0-0 10. Re1 Nxd4 11. Qxd4 Bxb5 12. Nxb5 Nh5 13. e5 Bxe5 14. Rxe5 dxe5 15. Qxe5 Nf6 16. g4 Qd5 17. g5 Qxe5 18. Bxe5 Nd7 19. Bd4 a6 20. Nc7 Rac8 21. Nd5 Rfe8 22. Re1 e6 23. Nc3 e5 24. Nd5 exd4 25. Ne7+ Kf8 26. Nxc8 Rxe1+ 0-1

[Event "Titled Tuesday intern op 18th Jul Late"]
[Site "Chess.com INT"]
[Date "2023.07.18"]
[Round "5"]
[White "Altman, Joshua"]
[Black "Stachanczyk, Jacek"]
[Result "1-0"]
[WhiteElo "2163"]
[BlackElo "2124"]
[PlyCount "45"]
[EventDate "2023.07.18"]
[EventType "swiss (blitz)"]
[EventRounds "11"]
[EventCountry "USA"]
[SourceTitle "EXT 2024"]
[Source "ChessBase"]
[SourceDate "2023.10.10"]
[SourceVersion "1"]
[SourceVersionDate "2023.10.10"]
[SourceQuality "1"]

1. e4 c5 2. Nf3 d6 3. Bb5+ Bd7 4. Bxd7+ Qxd7 5. 0-0 Nf6 6. Re1 e6 7. c3 Be7 8. d4 cxd4 9. cxd4 d5 10. e5 Ne4 11. Nc3 Nxc3 12. bxc3 Qc6 13. Re3 Nd7 14. Ne1 0-0 15. Rg3 f5 16. exf6 Rxf6 17. Bg5 Rf7 18. Nf3 Bd6 19. Rh3 Raf8 20. Qd3 g6 21. Bh6 Rc8 22. Ng5 Re7 23. Nxh7 1-0

[Event "Titled Tuesday intern op 18th Jul Early"]
[Site "Chess.com INT"]
[Date "2023.07.18"]
[Round "7"]
[White "Devaev, Alexander"]
[Black "Altman, Joshua"]
[Result "1-0"]
[WhiteElo "2325"]
[BlackElo "2163"]
[PlyCount "61"]
[EventDate "2023.07.18"]
[EventType "swiss (blitz)"]
[EventRounds "11"]
[EventCountry "USA"]
[SourceTitle "EXT 2024"]
[Source "ChessBase"]
[SourceDate "2023.10.10"]
[SourceVersion "1"]
[SourceVersionDate "2023.10.10"]
[SourceQuality "1"]

1. d4 c5 2. d5 Nf6 3. c4 e6 4. Nc3 exd5 5. cxd5 d6 6. e4 g6 7. Nf3 a6 8. a4 Bg7 9. h3 0-0 10. Bd3 Re8 11. 0-0 Nbd7 12. Bf4 Qc7 13. Re1 Nh5 14. Bh2 Ne5 15. Be2 Nxf3+ 16. Bxf3 Nf6 17. e5 dxe5 18. d6 Qb6 19. Bxe5 Be6 20. Qd2 Rad8 21. a5 Qa7 22. Ra4 b5 23. axb6 Qxb6 24. Rh4 h5 25. Qf4 Bf5 26. g4 Nd7 27. Nd5 Qb3 28. Ne7+ Kh7 29. Rxh5+ gxh5 30. Qxf5+ Kh8 31. Qxh5# 1-0

[Event "Titled Tuesday intern op 18th Jul Late"]
[Site "Chess.com INT"]
[Date "2023.07.18"]
[Round "11"]
[White "Pranav, V."]
[Black "Altman, Joshua"]
[Result "1-0"]
[WhiteElo "2588"]
[BlackElo "2163"]
[PlyCount "73"]
[EventDate "2023.07.18"]
[EventType "swiss (blitz)"]
[EventRounds "11"]
[EventCountry "USA"]
[SourceTitle "EXT 2024"]
[Source "ChessBase"]
[SourceDate "2023.10.10"]
[SourceVersion "1"]
[SourceVersionDate "2023.10.10"]
[SourceQuality "1"]

1. e4 e6 2. d4 d5 3. Nc3 Nf6 4. Bg5 dxe4 5. Nxe4 Nbd7 6. Nf3 Be7 7. Ng3 h6 8. Bxf6 Nxf6 9. c3 0-0 10. Bd3 b6 11. 0-0 Bb7 12. Re1 c5 13. Ne4 Nd5 14. Bf1 Qc7 15. Qa4 a6 16. dxc5 bxc5 17. Rad1 Rad8 18. Ned2 Nf4 19. g3 Nd3 20. Bxd3 Rxd3 21. Ne5 Rd5 22. Ndc4 Rfd8 23. Rxd5 Bxd5 24. Na5 Bf6 25. Ng4 Be7 26. Ne3 Bf3 27. Nac4 Qb7 28. Qb3 Qe4 29. Ng2 Qd5 30. Nf4 Qf5 31. Ne5 Bd6 32. Nxf3 g5 33. Nxe6 Rb8 34. Qd1 Rxb2 35. Qxd6 Qxf3 36. Qf8+ Kh7 37. Qg7# 1-0

[Event "Titled Tuesday intern op 18th Jul Late"]
[Site "Chess.com INT"]
[Date "2023.07.18"]
[Round "4"]
[White "Tarasova, Viktoriya"]
[Black "Altman, Joshua"]
[Result "1/2-1/2"]
[WhiteElo "2226"]
[BlackElo "2163"]
[PlyCount "116"]
[EventDate "2023.07.18"]
[EventType "swiss (blitz)"]
[EventRounds "11"]
[EventCountry "USA"]
[SourceTitle "EXT 2024"]
[Source "ChessBase"]
[SourceDate "2023.10.10"]
[SourceVersion "1"]
[SourceVersionDate "2023.10.10"]
[SourceQuality "1"]

1. d4 c5 2. d5 Nf6 3. Nc3 e5 4. e4 d6 5. Bb5+ Bd7 6. a4 a6 7. Be2 g6 8. Nf3 Bg7 9. 0-0 0-0 10. a5 Bg4 11. Nd2 Bxe2 12. Qxe2 Nbd7 13. Nc4 Qc7 14. Be3 b5 15. axb6 Nxb6 16. Na5 Nfd7 17. Nc6 f5 18. f3 f4 19. Bf2 Nb8 20. Nxb8 Rfxb8 21. Rxa6 Rxa6 22. Qxa6 Ra8 23. Qb5 h6 24. b3 Bf8 25. Qe2 g5 26. Nb5 Qd7 27. c4 h5 28. b4 Ra4 29. Rb1 g4 30. bxc5 dxc5 31. Nc3 Rxc4 32. Rxb6 Rxc3 33. Rg6+ Kh7 34. Rg5 Rc1+ 35. Be1 Qa4 36. Rxh5+ Kg6 37. fxg4 Qd4+ 38. Kf1 c4 39. g5 Bc5 40. Rh6+ Kg7 41. Rh7+ Kf8 42. Rf7+ Kxf7 43. Qh5+ Ke7 44. Qh7+ Kd8 45. Qg8+ Kc7 46. Qf7+ Kb6 47. Qe6+ Kb5 48. Qd7+ Ka6 49. Qc8+ Ka7 50. Qd7+ Kb8 51. Qd8+ Kb7 52. Qd7+ Ka8 53. Qc8+ Ka7 54. Qd7+ Ka6 55. Qa4+ Kb6 56. Qc6+ Ka7 57. Qc7+ Ka8 58. Qc8+ Ka7 1/2-1/2

[Event "Titled Tuesday intern op 18th Jul Early"]
[Site "Chess.com INT"]
[Date "2023.07.18"]
[Round "3"]
[White "Timofeev, Artyom"]
[Black "Altman, Joshua"]
[Result "1-0"]
[WhiteElo "2567"]
[BlackElo "2163"]
[PlyCount "121"]
[EventDate "2023.07.18"]
[EventType "swiss (blitz)"]
[EventRounds "11"]
[EventCountry "USA"]
[SourceTitle "EXT 2024"]
[Source "ChessBase"]
[SourceDate "2023.10.10"]
[SourceVersion "1"]
[SourceVersionDate "2023.10.10"]
[SourceQuality "1"]

1. c4 e5 2. Nc3 Nc6 3. e3 Nf6 4. a3 Be7 5. Nf3 0-0 6. Be2 d5 7. cxd5 Nxd5 8. Qc2 Be6 9. 0-0 f5 10. d3 Kh8 11. Bd2 Bf6 12. Rfe1 Qd7 13. Na4 b6 14. Rac1 Nde7 15. e4 Rac8 16. b4 Rfd8 17. Nb2 h6 18. Nc4 fxe4 19. dxe4 Bg4 20. Be3 Ng6 21. Rcd1 Qe6 22. Rd5 Bxf3 23. Bxf3 Nh4 24. Qe2 Nxf3+ 25. Qxf3 Rf8 26. Qh5 Ne7 27. Bxh6 Nxd5 28. exd5 Qf7 29. Qxf7 Rxf7 30. Bc1 Rd8 31. Ne3 Bg5 32. g3 Bxe3 33. Bxe3 Rxd5 34. Rc1 Rfd7 35. Kg2 c5 36. bxc5 bxc5 37. Rc4 Rb7 38. Bxc5 Rc7 39. Rh4+ Kg8 40. Be3 Ra5 41. a4 Rc2 42. Rb4 Ra2 43. Rb8+ Kh7 44. Rb7 R2xa4 45. h4 Ra6 46. h5 Kg8 47. Re7 e4 48. g4 Kf8 49. Rc7 Re6 50. Bxa7 Ra2 51. Be3 Kg8 52. Kg3 Rf6 53. g5 Rf3+ 54. Kg4 Ra5 55. g6 Ra8 56. Bd4 Rd8 57. Bxg7 Rxf2 58. h6 Rg2+ 59. Kf5 Rd5+ 60. Kxe4 Rd8 61. h7# 1-0

[Event "Titled Tuesday intern op 18th Jul Late"]
[Site "Chess.com INT"]
[Date "2023.07.18"]
[Round "10"]
[White "Wieczorek, Oskar"]
[Black "Altman, Joshua"]
[Result "0-1"]
[WhiteElo "2494"]
[BlackElo "2163"]
[PlyCount "72"]
[EventDate "2023.07.18"]
[EventType "swiss (blitz)"]
[EventRounds "11"]
[EventCountry "USA"]
[SourceTitle "EXT 2024"]
[Source "ChessBase"]
[SourceDate "2023.10.10"]
[SourceVersion "1"]
[SourceVersionDate "2023.10.10"]
[SourceQuality "1"]

1. e4 e6 2. d4 d5 3. Nd2 Nf6 4. e5 Nfd7 5. c3 c5 6. f4 Nc6 7. Ndf3 Qb6 8. a3 Be7 9. b4 cxd4 10. cxd4 a6 11. Nh3 Qc7 12. Be2 b5 13. 0-0 Nb6 14. Qe1 Nc4 15. Qg3 g6 16. f5 exf5 17. Bh6 Be6 18. Nf4 Qd7 19. Nd3 a5 20. Bg7 Rg8 21. Bf6 g5 22. Qh3 g4 23. Qxh7 0-0-0 24. Nfe1 Bxf6 25. Nc5 Qe7 26. Rxf5 Nxd4 27. Rxf6 Nxe2+ 28. Kf2 Nd4 29. Nc2 Rh8 30. Qd3 Nxc2 31. Qxc2 Rxh2 32. Kg3 Rdh8 33. Raf1 Ne3 34. Qc3 Rxg2+ 35. Kf4 d4 36. Qxd4 Nd5+ 0-1

[Event "Titled Tuesday intern op 11th Jul Early"]
[Site "Chess.com INT"]
[Date "2023.07.11"]
[Round "7"]
[White "Altman, Joshua"]
[Black "Preotu, Razvan"]
[Result "1-0"]
[WhiteElo "2163"]
[BlackElo "2481"]
[PlyCount "47"]
[EventDate "2023.07.11"]
[EventType "swiss (blitz)"]
[EventRounds "11"]
[EventCountry "USA"]
[SourceTitle "EXT 2024"]
[Source "ChessBase"]
[SourceDate "2023.10.10"]
[SourceVersion "1"]
[SourceVersionDate "2023.10.10"]
[SourceQuality "1"]

1. d4 Nf6 2. c4 g6 3. Nc3 d5 4. Bg5 Ne4 5. Bh4 g5 6. Bg3 h5 7. Nxe4 dxe4 8. h4 g4 9. e3 Bg7 10. Ne2 c5 11. Qd2 Nc6 12. d5 Nb4 13. Nc3 Bf5 14. Be2 0-0 15. 0-0 e6 16. a3 Na6 17. Rfd1 exd5 18. Nxd5 Rc8 19. Qc2 Qe8 20. Nf4 Bg6 21. Rd5 Nc7 22. Rxc5 b6 23. Rxc7 Rxc7 24. Nxg6 1-0

[Event "Titled Tuesday intern op 11th Jul Early"]
[Site "Chess.com INT"]
[Date "2023.07.11"]
[Round "8"]
[White "Gorovets, Andrey"]
[Black "Altman, Joshua"]
[Result "1-0"]
[WhiteElo "2463"]
[BlackElo "2163"]
[PlyCount "129"]
[EventDate "2023.07.11"]
[EventType "swiss (blitz)"]
[EventRounds "11"]
[EventCountry "USA"]
[SourceTitle "EXT 2024"]
[Source "ChessBase"]
[SourceDate "2023.10.10"]
[SourceVersion "1"]
[SourceVersionDate "2023.10.10"]
[SourceQuality "1"]

1. d4 Nf6 2. Nf3 e6 3. c4 b6 4. g3 Bb7 5. Bg2 Bb4+ 6. Bd2 Bxd2+ 7. Qxd2 0-0 8. 0-0 d6 9. Qf4 Nbd7 10. Nc3 Qe7 11. e4 e5 12. Qe3 Rfe8 13. Rfe1 g6 14. Rad1 a5 15. b3 Rac8 16. Bh3 Rcd8 17. d5 Nc5 18. Nd2 Bc8 19. Bxc8 Rxc8 20. a3 Ra8 21. b4 axb4 22. axb4 Na4 23. Nb5 Qd7 24. Qb3 Ra6 25. Ra1 Rea8 26. Ra3 c6 27. dxc6 Qxc6 28. Kg2 d5 29. exd5 Nxd5 30. Qf3 Nxb4 31. Qxc6 Nxc6 32. Nc7 Nc5 33. Nxa6 Rxa6 34. Rxa6 Nxa6 35. Ra1 Nab4 36. g4 Kg7 37. g5 h6 38. h4 hxg5 39. hxg5 f6 40. gxf6+ Kxf6 41. Ra8 Nd4 42. Rb8 Kf5 43. Rxb6 Nd3 44. Rb8 Nf4+ 45. Kf1 Nd3 46. Rf8+ Ke6 47. Ne4 Nb3 48. Rf6+ Ke7 49. Rxg6 Nf4 50. Ra6 Nd4 51. c5 Kd7 52. Kg1 Kc7 53. Kh2 Nd3 54. Kg3 Nb4 55. Rd6 Nf5+ 56. Kg4 Nxd6 57. cxd6+ Kd7 58. Kf5 Nc6 59. Kf6 Kd8 60. Ke6 Ke8 61. Nc5 Nb8 62. d7+ Nxd7 63. Nxd7 e4 64. Nf6+ Kf8 65. Nxe4 1-0

[Event "Titled Tuesday intern op 11th Jul Early"]
[Site "Chess.com INT"]
[Date "2023.07.11"]
[Round "5"]
[White "Mahdavi, Reza"]
[Black "Altman, Joshua"]
[Result "1-0"]
[WhiteElo "2302"]
[BlackElo "2163"]
[PlyCount "71"]
[EventDate "2023.07.11"]
[EventType "swiss (blitz)"]
[EventRounds "11"]
[EventCountry "USA"]
[SourceTitle "EXT 2024"]
[Source "ChessBase"]
[SourceDate "2023.10.10"]
[SourceVersion "1"]
[SourceVersionDate "2023.10.10"]
[SourceQuality "1"]

1. e4 e6 2. d4 d5 3. Nc3 dxe4 4. Nxe4 Nd7 5. Nf3 Ngf6 6. Bd3 c5 7. 0-0 cxd4 8. Qe2 Be7 9. Rd1 0-0 10. Bg5 h6 11. Bh4 Nxe4 12. Qxe4 g6 13. Bxe7 Qxe7 14. Qxd4 Nc5 15. Ne5 Nxd3 16. Rxd3 Qf6 17. Rf3 Qg7 18. Rd1 b6 19. Qe4 Rb8 20. Qf4 Bb7 21. Rfd3 g5 22. Qg3 Rbc8 23. c3 Bd5 24. b3 b5 25. c4 bxc4 26. bxc4 Bxc4 27. Rd7 Bd5 28. Qe3 Rfd8 29. Rxf7 Qxf7 30. Nxf7 Kxf7 31. Qxa7+ Kg6 32. a4 Bb3 33. Re1 Ra8 34. Qe3 Bd5 35. Ra1 Ra6 36. Qd3+ 1-0